Diseases of the heart and circulation. (Record no. 2763)

000 -LEADER
fixed length control field 00826cam a22002891 4500
003 - CONTROL NUMBER IDENTIFIER
control field ALUPE UNIVERSITY
005 - DATE AND TIME OF LATEST TRANSACTION
control field 20210719112149.0
008 - FIXED-LENGTH DATA ELEMENTS--GENERAL INFORMATION
fixed length control field 880811s1968 enka b 1 0 eng d
020 ## - INTERNATIONAL STANDARD BOOK NUMBER
International Standard Book Number 413606902
040 ## - CATALOGING SOURCE
Transcribing agency ALUPE UNIVERSITY
049 ## - LOCAL HOLDINGS (OCLC)
Holding library AEU
050 #0 - LIBRARY OF CONGRESS CALL NUMBER
Classification number RC681
Item number .W87 1968
090 0# - LOCALLY ASSIGNED LC-TYPE CALL NUMBER (OCLC); LOCAL CALL NUMBER (RLIN)
Classification number (OCLC) (R) ; Classification number, CALL (RLIN) (NR) RC 681 W87 1968
100 1# - MAIN ENTRY--PERSONAL NAME
Personal name Wood, Paul Hamilton,
Dates associated with a name 1907-
245 10 - TITLE STATEMENT
Title Diseases of the heart and circulation.
250 ## - EDITION STATEMENT
Edition statement 3d ed., rev. and enl.
260 ## - PUBLICATION, DISTRIBUTION, ETC.
Place of publication, distribution, etc. London,
Name of publisher, distributor, etc. Eyre and Spottiswoode
Date of publication, distribution, etc. [1968]
300 ## - PHYSICAL DESCRIPTION
Extent 1164 p.:
Other physical details illus.;
Dimensions 25 cm.
336 ## - CONTENT TYPE
Content type term text
Content type code txt
Source rdacontent
337 ## - MEDIA TYPE
Media type term unmediated
Media type code n
Source rdamedia
338 ## - CARRIER TYPE
Carrier type term volume
Carrier type code nc
Source rdacarrier
504 ## - BIBLIOGRAPHY, ETC. NOTE
Bibliography, etc. note Includes bibliographies.
583 1# - ACTION NOTE
Institution to which field applies AEU
650 #0 - SUBJECT ADDED ENTRY--TOPICAL TERM
Topical term or geographic name entry element Heart
General subdivision Diseases.
650 #0 - SUBJECT ADDED ENTRY--TOPICAL TERM
Topical term or geographic name entry element Blood circulation disorders.
942 ## - ADDED ENTRY ELEMENTS (KOHA)
Source of classification or shelving scheme
Koha item type Book
Suppress in OPAC PW
Holdings
Withdrawn status Lost status Source of classification or shelving scheme Damaged status Not for loan Permanent Location Current Location Shelving location Date acquired Source of acquisition Total Checkouts Full call number Barcode Date last seen Price effective from Koha item type Public note
          AU LIBRARY AU LIBRARY Open Shelf 19.07.2021 DONATION FROM MOI UNIVERSITY   RC681 .W87 1968 28003212 19.07.2021 19.07.2021 Book PW

Powered by Koha